| 000 | 00800nam a2200193 a 4500 | ||
|---|---|---|---|
| 008 | 090311s1995 ||||||||||||||||| || u | ||
| 020 | _a000370565X | ||
| 050 | _aPE 1595 Col | ||
| 110 | _aHarperCollins Publishers | ||
| 245 | 1 | 0 | _aCollins COBUILD English guides 6: homophones |
| 260 |
_aLondon. _bHarperCollins _c1995 |
||
| 300 | _axv, 240p. | ||
| 350 | _a0.00 | ||
| 490 | _aThe COBUILD series | ||
| 650 | _aENGLISH LANGUAGE--HOMONYMS | ||
| 650 | _aENGLISH--DICTIONARIES | ||
| 995 |
_aMAIN LIBRARY OPEN ACCESS _D0.00 _e739745 _FCBU-MAIN LIBRARY (Kitwe) _H1 _I0.00 _jPE 1595 COL _M1 _UAVAILABLE _WMar 31, 2009 _y739745 _ZMain Library Open Access Collection |
||
| 995 |
_aREFERENCE BOOKS _D0.00 _e739748 _FCBU-MAIN LIBRARY (Kitwe) _H1 _I0.00 _jPE 1595 COL _M2 _UREFERENCE _WApr 1, 2009 _y739748 _ZReference Collection |
||
| 999 |
_c79463 _d79463 |
||